000 00863nam0a22002651 4500
001 rc\4154945
005 20260406073839.0
021 _aRU
_b[49-23192]
035 _a(NLR Aleph) 007993259
090 _a8592999
_c8592999
100 _a20130415d1949 |||y0rusy50 ca
101 0 _arus
102 _aRU
105 _ay z |||a|
200 1 _aНаш дом
_e[Стихи]
210 _aМосква
_c[Правда]
_d1949
_gТип. им. Сталина
215 _a45 с.
_d16
225 1 _aБиблиотека "Крокодила"
_v№ 50
300 _aПеред загл. авт.: Сергей Смирнов
700 1 _aСмирнов
_bС.В.
_f1913-1993
_cпоэт
_gСергей Васильевич
_3RU\NLR\AUTH\770139353
_9139318
801 0 _aRU
_bNLR
_gpsbo
801 1 _aRU
_bELAR
_2rusmarc
852 _aNLR
_jЛ30 Г-2/2066
942 _cBOOK
980 _aNB